Animaux célèbres - Statistiques

Statistiques générales
  • Ce quiz a été pris 226 fois
  • Le résultat moyen est 8 sur 10
Statistiques - réponses
Par images Réponse % Correct
Milou
97%
Garfield
95%
Idéfix
93%
Marsupilami
93%
Bill
89%
Snoopy
86%
Hedwige
58%
Nessie
57%
Azraël
52%
Footix
37%
Aucun quiz correspondant
Distribution des résultats
% des personnes avec chaque résultat
Percentile par nombre de réponses
Votre historique - résultats
Vous n’avez pas pris ce quiz